Nuevo camino a seguir: una reflexión desde la izquierda /
Guardado en:
| Autor principal: | |
|---|---|
| Otros Autores: | , |
| Formato: | Texto |
| Publicado: |
San José:
Respuesta
|
| Etiquetas: |
Agregar Etiqueta
Sin Etiquetas, Sea el primero en etiquetar este registro!
|
MARC
| LEADER | 00000 a a2200000 04500 | ||
|---|---|---|---|
| 001 | 21166 | ||
| 003 | |||
| 040 | |||
| 090 | |a 092000 | ||
| 100 | |a Solís, Javier | ||
| 245 | |a Nuevo camino a seguir: una reflexión desde la izquierda / |c Javier Solís | ||
| 260 | |a San José: |b Respuesta | ||
| 300 | |a 34 p. | ||
| 700 | |a Montero Mejía, Alvaro | ||
| 700 | |a Ardón, Sergio Erick | ||
| 999 | |c 5292 |d 5292 | ||
